00405nam a22001217a 4500003000400000005001700004008004100021040002700062100002600089245009300115260006700208300000800275OSt20240403111250.0240403b |||||||| |||| 00| 0 eng d cCentral Library MRSPTU aDr. Saroop Singh Alag aDhan Nanak Teri Vaddi Kamai (ਧਨੂ ਨਾਨਕ ਤੇਰੀ ਵਡੀ ਕਮਾਈ) aLudhianabAlag Shabad Yug International Charitable Trustc2018 a172